000 00382nam a2200145Ia 4500
008 230917s9999||||xx |||||||||||||| ||und||
040 _e40496
_aMAIN
041 _aEnglish
082 _a810.9 R824C
100 _aRubin, Louis D, ed
245 4 _aThe comic imagination in American literature
260 _aWashington
_bVoice of America
_c1974
300 _axii, 431 p.
942 _cBK
999 _c45944
_d45944